| 000 | 00676nam a2200169Ia 4500 | ||
|---|---|---|---|
| 003 | LK-CoDNM | ||
| 008 | 010623t xxu||||| |||| 00| 1 sin d | ||
| 040 |
_aLK-CoDNM _dLK-CoDNM _eLK-CoDNM |
||
| 041 | _asin | ||
| 080 |
_a343.57 _bSLA |
||
| 245 | _aමත්ද්රව්ය දුර්භාවිතය නිවාරණය හා පාලනය පිළිබඳ ශ්රී ලංකා ජාතික ප්රතිපත්තිය | ||
| 246 | _aSri Lanka National Policy For The Prevention And Control Of Drug Abuse | ||
| 260 | _bAntharayaka Awushada Palaka Jaathika Mandalaya | ||
| 300 | _bp.32, 21 cm | ||
| 650 | _aAlcohol | ||
| 942 | _cBK | ||
| 999 |
_c140134 _d140134 |
||